LEADER 02081nam 22004933u 450 001 9910455756503321 005 20210113163407.0 035 $a(CKB)111086906344900 035 $a(EBL)3384710 035 $a(SSID)ssj0000285607 035 $a(PQKBManifestationID)12115924 035 $a(PQKBTitleCode)TC0000285607 035 $a(PQKBWorkID)10319884 035 $a(PQKB)10088513 035 $a(MiAaPQ)EBC3384710 035 $a(EXLCZ)99111086906344900 100 $a20151005d2001|||| u|| | 101 0 $aeng 135 $aur|n|---||||| 181 $ctxt 182 $cc 183 $acr 200 10$aWindows 2000 Graphics API Black Book with CD-ROM$b[electronic resource] 210 $aPhoenix $cParaglyph Press$d2001 215 $a1 online resource (1224 p.) 300 $aDescription based upon print version of record. 311 $a1-932111-39-5 327 $a""About the Authors""; ""Acknowledgments""; ""Contents at a Glance""; ""Table of Contents""; ""Introduction""; ""Device Contexts""; ""The Brush Object""; ""The Pen Object""; ""The Font Object""; ""Lines, Curves, and Shapes""; ""The Bitmap Object""; ""Device-Independent Bitmaps""; ""Regions and Paths""; ""Palettes""; ""Coordinate Spaces""; ""The IDirectDraw7 Interface""; ""DirectDraw Display Modes""; ""DirectDraw Surfaces""; ""DirectDraw Clippers""; ""DirectDraw Colors and Palettes""; ""Image Color Management""; ""Image Manipulation""; ""Image File Formats"" 327 $a""A Brief Review of Matrices and Vectors""""Other Resources""; ""Index""; ""What's On The CD-ROM"" 606 $aComputer graphics 606 $aMicrosoft Windows (Computer file) 608 $aElectronic books. 615 4$aComputer graphics. 615 4$aMicrosoft Windows (Computer file). 676 $a006.6/8 700 $aChandler$b Damon$0945229 701 $aFotsch$b Michael$0945230 801 0$bAU-PeEL 801 1$bAU-PeEL 801 2$bAU-PeEL 906 $aBOOK 912 $a9910455756503321 996 $aWindows 2000 Graphics API Black Book with CD-ROM$92133881 997 $aUNINA LEADER 01784nam 2200409 n 450 001 996393231903316 005 20221107142240.0 035 $a(CKB)1000000000680861 035 $a(EEBO)2264175532 035 $a(UnM)99849362 035 $a(EXLCZ)991000000000680861 100 $a19920130d1585 uy | 101 0 $aeng 135 $aurbn||||a|bb| 200 10$aCertaine prayers and other godly exercises, for the seuenteenth of Nouember$b[electronic resource] $ewherein we solemnize the blessed reigne of our gracious Soueraigne Lady Elizabeth, by the prouidence and grace of God, of England, Fraunce & Ireland Queene. &c. 210 $aImprinted at London $cby Christopher Barker, printer to the Queenes most excellent Maiestie.$d1585. 215 $a[36] p., [1] folded table. 300 $aDedication signed: Edmund Bunny. 300 $aIncludes folding table, with heading: A table, declaring in what sort we may fruitfully solemnize the blessed reigne of our gracious soueraigne. 300 $aSignatures: A² B-E⁴. 300 $aTitle vignette, initials. 300 $aFormer owner's autograph on t.p.: Hum: Dyson. 300 $aThe copy of this item at reel 2340:3d is fourth of twelve items bound and filmed together. 300 $aReproductions of the original in the British Library. 330 $aeebo-0018 606 $aAccession service$vEarly works to 1800 615 0$aAccession service 700 $aBunny$b Edmund$f1540-1619.$01002895 702 $aDyson$b Humphrey$fd. 1633, 801 0$bCu-RivES 801 1$bCu-RivES 801 2$bCStRLIN 801 2$bWaOLN 906 $aBOOK 912 $a996393231903316 996 $aCertaine prayers and other godly exercises, for the seuenteenth of Nouember$92381365 997 $aUNISA